Salvador Dias Miron / (Record no. 9539)

000 -CABECERA
fixed length control field 00750nam a22002177a 4500
003 - IDENTIFICADOR DEL NÚMERO DE CONTROL
control field AR-CdUCM
008 - DATOS DE LONGITUD FIJA--INFORMACIÓN GENERAL
fixed length control field 190328b ||||| |||| 00| 0 spa d
040 ## - FUENTE DE LA CATALOGACIÓN
Agencia/entidad que catalogó originalmente la obra MUNICIPALIDAD PROVINCIAL DEL CUSCO
Entidad que transcribió la catalogación BIBLIOTECA MUNICIPAL DEL CUSCO
082 ## - NÚMERO DE LA CLASIFICACIÓN DECIMAL DEWEY
No. de Clasificación C / 861.437 /
Notacion interna B57S
100 ## - ENTRADA PRINCIPAL--NOMBRE DE PERSONA
Nombre Personal Blanco Moheno, Roberto
245 ## - MENCIÓN DE TÍTULO
Título Salvador Dias Miron /
Mención de responsabilidad Biblioteca Enciclopedica Popular
260 ## - PUBLICACIÓN, DISTRIBUCIÓN, ETC.
Lugar de publicación, distribución, etc. México :
Nombre de la editorial, distribuidor, etc. Secretaria de Educacion Publica ,
Fecha de publicación, distribución, etc. 1947.
300 ## - DESCRIPCIÓN FÍSICA
Nº de Páginas Extensión 90 páginas ;
Dimensiones 19.2 cm
440 ## - MENCIÓN DE SERIE/PUNTO DE ACCESO ADICIONAL--TÍTULO
Título Biblioteca Enciclopedica Popular
Número de la parte/sección de una obra 151
9 (RLIN) 25812
650 ## - PUNTO DE ACCESO ADICIONAL DE MATERIA--TÉRMINO DE MATERIA
Descriptor Poesia Mexicana
9 (RLIN) 2387
650 ## - PUNTO DE ACCESO ADICIONAL DE MATERIA--TÉRMINO DE MATERIA
Descriptor Poesia Centroamericana
9 (RLIN) 25813
650 ## - PUNTO DE ACCESO ADICIONAL DE MATERIA--TÉRMINO DE MATERIA
Descriptor Poesia en Prosa
9 (RLIN) 17039
942 ## - ELEMENTOS DE PUNTO DE ACCESO ADICIONAL (KOHA)
Fuente de clasificación
Tipo de item Libros-BMC
945 ## - PROCESAMIENTO DE INFORMACIÓN LOCAL (OCLC)
Catalogador rtm
Holdings
Estado de retiro (separado) Fuente de clasificación o esquema de estanterías Estado dañado Ubicación Sala donde se ubica Nombre de la colección Fecha de adquisición o compra Signatura topográfica Código de Barras Última vez visto (Koha) Tipo de ítem (Koha) Costo, precio normal en soles
No     Sala Cusco Antiguo Sala Cusco Antiguo Book Cart 2019-03-28 C / 861.437 / B57S SCA0000453 2019-03-28 Libros-BMC  
No     Sala Humanidades Sala Humanidades Book Cart 2019-05-13 861.437 / B57S SH0000013369 2019-05-13 Libros-BMC 10.00

Powered by Koha